|
|
|
|
| LEADER |
00000cam a2200000 7i4500 |
| 001 |
0000145894 |
| 005 |
20110103.0 |
| 020 |
|
|
|a 9789679948479
|
| 090 |
0 |
0 |
|a 959.5
|b STU
|
| 245 |
0 |
0 |
|a Studies in Malaysian & Singapore history
|c Edited by Bruce Lockhart
|
| 260 |
|
|
|a Kuala Lumpur :
|b The Malaysia Branch of the Royal Asiatic Society ,
|c 2010
|
| 300 |
|
|
|a 199p. ;
|c 22cm.
|
| 490 |
0 |
|
|a Monograph 42
|
| 650 |
0 |
0 |
|a Malaysia
|x history
|
| 650 |
0 |
0 |
|a Singapore
|x history
|
| 700 |
1 |
|
|a Lockhart, Bruce
|
| 710 |
1 |
|
|a Mubin Sheppard Memorial Essays
|
| 999 |
|
|
|a 00241577
|b BUKU
|c MALAYSIANA
|e PERPUSTAKAAN KOMUNITI PETALING JAYA
|